000 00701nam a2200193Ii 4500
003 JO-AjNU
008 230605s9999||||xx |||||||||||||| ||und||
040 _aJO-AjNU
_bara
_erda
_cJO-AjNU
041 _aara
050 1 4 _aZ7052.S3 1983
100 3 _aالسامرائي ، ابراهيم ,
_eauthor
_913908
245 0 0 _aمع المصادر في اللغة والادب "نقد المراجع اللغة والادب" ج 1
264 3 1 _aعمان :دار الفكر للنشر والتوزيع ،1983
300 _aج1، 334ص
336 _atext
_btxt
_2rdacontent
337 _aunmediated
_bn
_2rdamedia
338 _avolume
_bnc
_2rdacarrier
650 4 _aالمصادر-اللغة والادب
_913909
999 _aA3583
_c7151
_d7151